02069 a2200217 45000010006000000050017000060080041000230030015000640400040000790800046001192450035001650200022002002500012002222640034002343000024002685200955002925050470012470410008017171000031017258560095017563934720260407155652.0260407a2016 arg spa dAR-UNSa-BCEJYS aAR-UNSa-BCEJYSbspacAR-UNSa-BCEJYS a336.221.5xFacturación y registración10aFacturación & Registración a978-987-01-1958-6 a4a. ed. 1aBuenos Aires :bErreparc2016 axix, 497 p.c27 cm. aUn completo panorama de los aspectos prácticos del complejo sistema normativo referido a la facturación y la registración de operaciones. Entre los temas abordados se destaca el Régimen General de Emisión de Comprobantes [RG (AFIP) 1415]; la solicitud de impresión de comprobantes [RG (AFIP) 100]; los controladores fiscales y las cuponeras fiscales; la registración y almacenamiento de los comprobantes recibidos y emitidos; los libros y registros obligatorios; la documentación relativa al traslado y entrega de productos; las imprentas, importadores y autoimpresores; los regímenes de información; entre otros. Las explicaciones incluyen cuadros, ejemplos y el planteo de casos y situaciones -que se presentan en la actividad profesional diaria- que agilizan la lectura y facilitan la comprensión de los temas. Se trata de una obra que será de suma utilidad tanto para los emisores de comprobantes como para sus asesores.  a1. Régimen general de emisión de comprobantes-RG (AFIP) 1415 - 2. Factura "M" - 3. Situaciones especiales - 4. Solicitud de impresión de comprobantes-RG (AFIP) 100 - 5. Emisión electrónica - 6. Controlador fiscal y cuponera fiscal - 7. Registración y almacenamiento - 8. Documentación relativa al traslado y entrega de productos - 9. Imprentas, importadores y autoimpresores - 10. Obligaciones varias - 11. Consultas frecuentes y aspectos conflictivos aspa1 aCampastro, Miriam Cristina41uhttps://biblioeco.unsa.edu.ar/pmb/images/libros/L125775.jpgyImagen de portadaqimage/jpeg